Dictionary of accounting / (Record no. 363361)
[ view plain ]
| 000 -LEADER | |
|---|---|
| fixed length control field | 00484nam a2200193Ia 4500 |
| 008 - FIXED-LENGTH DATA ELEMENTS--GENERAL INFORMATION | |
| fixed length control field | 200601s9999 xx 000 0 und d |
| 020 ## - INTERNATIONAL STANDARD BOOK NUMBER | |
| International Standard Book Number | 81-7169-666 |
| 050 ## - LIBRARY OF CONGRESS CALL NUMBER | |
| Classification number | REF HF 5621 |
| 050 ## - LIBRARY OF CONGRESS CALL NUMBER | |
| Item number | .G87 2003 |
| 100 ## - MAIN ENTRY--PERSONAL NAME | |
| Personal name | Gupta, C. P. |
| 245 #0 - TITLE STATEMENT | |
| Title | Dictionary of accounting / |
| 245 #0 - TITLE STATEMENT | |
| Statement of responsibility, etc | C. P. Gupta. |
| 260 ## - PUBLICATION, DISTRIBUTION, ETC. (IMPRINT) | |
| Place of publication, distribution, etc | New Delhi, India: |
| 260 ## - PUBLICATION, DISTRIBUTION, ETC. (IMPRINT) | |
| Name of publisher, distributor, etc | Commonwealth Publishers. |
| 260 ## - PUBLICATION, DISTRIBUTION, ETC. (IMPRINT) | |
| Date of publication, distribution, etc | 2001 |
| 300 ## - PHYSICAL DESCRIPTION | |
| Extent | 325 pages : |
| 300 ## - PHYSICAL DESCRIPTION | |
| Dimensions | 22 cm. |
| 650 ## - SUBJECT ADDED ENTRY--TOPICAL TERM | |
| Topical term or geographic name as entry element | Accounting -- Dictionaries. |
| Withdrawn status | Lost status | Damaged status | Home library | Current library | Shelving location | Date acquired | Total Checkouts | Full call number | Barcode | Date last seen | Price effective from | Koha item type |
|---|---|---|---|---|---|---|---|---|---|---|---|---|
| South Mansfield College | South Mansfield College | Reference Section | 06/01/2020 | REF HF 5621 .G87 2003 | SMC00916 | 06/01/2020 | 06/01/2020 | Books |